000 01021nam a2200325 i 4500
005 20220317001719.0
007 ta
008 170306s2008 ck gr 000 0 spa d
020 _a9789583002243
040 _aCO-BoRNBP
_bspa
_erda
_cCO-BoRNBP
041 0 _aspa
043 _ae-sp
084 _aT CAL2
100 1 _aCalderón de la Barca, Pedro
_d1600-1681
_eautor
245 1 3 _aLa vida es sueño ; El alcalde de Zalamea
_cPedro Calderón de la Barca
250 _aPrimera edición
264 1 _aBogotá
_bPanamericana
_c2008
300 _a306 páginas
_c21 cm
336 _atexto
_btxt
_2rdacontent
337 _asin mediación
_bn
_2rdamedia
338 _avolumen
_bnc
_2rdacarrier
490 0 _aTeatro universal
500 _aIncluye cronología
650 1 7 _aTeatro español
_ySiglo XVII
_2ARMARC
650 1 7 _aLiteratura español
_ySiglo XVII
_2ARMARC
650 1 7 _aComedia española
_vTeatro
_2ARMARC
650 1 7 _aProblemas sociales
_vTeatro
_2ARMARC
740 _aEl alcalde de Zalamea
942 _2loc
_cBKLIT
999 _c7835
_d7835